A dream come true / (Record no. 15136)

MARC details
000 -LEADER
fixed length control field 00617nam a22002057a 4500
008 - FIXED-LENGTH DATA ELEMENTS--GENERAL INFORMATION
fixed length control field 230911b |||||||| |||| 00| 0 eng d
016 ## - NATIONAL BIBLIOGRAPHIC AGENCY CONTROL NUMBER
Source retro2021
020 ## - INTERNATIONAL STANDARD BOOK NUMBER
ISBN 9789784841313
040 ## - CATALOGING SOURCE
Original cataloging agency NLN
Language of cataloging English
Description conventions AACR2
100 ## - MAIN ENTRY--AUTHOR
Author ADEWALE, Oladejo Taofeek
Relator term aut
245 ## - TITLE STATEMENT
Title A dream come true /
Statement of responsibility, etc Oladejo T. Adewale
260 ## - PUBLICATION, DISTRIBUTION, ETC. (IMPRINT)
Place of publication Ibadan, Oyo State (Nw4/319, Salvation Army Road) :
Name of publisher (s.n.)
Date of publication [2008?]
300 ## - COLLATION
Pagination i, 28p. ;
Other physical details 18cm.
563 ## - BINDING INFORMATION
Binding note (pbk)
650 ## - TRACINGS
Main Subject Children's stories, Nigeria (English)
650 ## - TRACINGS
Main Subject Nigerian fiction (English)
942 ## - ADDED ENTRY ELEMENTS (KOHA)
Item type Books
050 ## - LIBRARY OF CONGRESS CALL NUMBER
Classification number PZ7.A228
Item number D771
082 ## - DEWEY DECIMAL CLASSIFICATION NUMBER
Classification number 823
Holdings
Withdrawn status Lost status Source of classification or shelving scheme Damaged status Not for loan Home library Current library Date acquired Total Checkouts Full call number Barcode. Date last seen Price effective from Koha item type
    Library of Congress Classification     IBADAN BRANCH LIBRARY National Library of Nigeria 11/09/2023   PZ7.A228 D771 2023-0395 11/09/2023 11/09/2023 Books
    Library of Congress Classification     ABUJA LIBRARY BRANCH National Library of Nigeria 11/09/2023   PZ7.A228 D771 2023-0396 11/09/2023 11/09/2023 Books
    Library of Congress Classification     LAGOS BRANCH National Library of Nigeria 11/09/2023   PZ7.A228 D771 2023-0397 11/09/2023 11/09/2023 Books

National Library of Nigeria OPAC is powered by Koha